Радиационная стойкость гетероструктур AlGaInP с множественными квантовыми ямами: диссертация на соискание ученой степени кандидата технических наук; спец. 01.04.07

מידע ביבליוגרפי
מחבר ראשי: Орлова К. Н. Ксения Николаевна
מחבר תאגידי: Национальный исследовательский Томский политехнический университет (ТПУ) Юргинский технологический институт (ЮТИ)
מחברים אחרים: Градобоев А. В. Александр Васильевич (научный руководитель)
סיכום:Защита сост. 06.11.2013 г.
שפה:רוסית
יצא לאור: Томск, 2013
נושאים:
פורמט: MixedMaterials ספר
KOHA link:https://koha.lib.tpu.ru/cgi-bin/koha/opac-detail.pl?biblionumber=245923

MARC

LEADER 00000nbm0a2200000 4500
001 245923
005 20231101232150.0
035 |a (RuTPU)RU\TPU\book\267361 
090 |a 245923 
100 |a 20131120j20131106k y0rusy50 ca 
101 0 |a rus 
102 |a RU 
105 |a a m 001zy 
200 1 |a Радиационная стойкость гетероструктур AlGaInP с множественными квантовыми ямами  |e диссертация на соискание ученой степени кандидата технических наук  |e спец. 01.04.07  |f К. Н. Орлова  |g Национальный исследовательский Томский политехнический университет (ТПУ), Юргинский технологический институт (ЮТИ) ; науч. рук. А. В. Градобоев 
210 |a Томск  |d 2013 
215 |a 159 л.  |c ил. 
300 |a Защита сост. 06.11.2013 г.  
320 |a Библиогр.: с. 146-159 (124 назв.). 
606 1 |a Полупроводники  |x Оптическая ориентация  |2 stltpush  |3 (RuTPU)RU\TPU\subj\72228  |9 85796 
610 1 |a физика 
610 1 |a гетероструктуры 
610 1 |a квантовые ямы 
610 1 |a светодиоды 
610 1 |a радиационная стойкость 
610 1 |a ионизирующее излучение 
610 1 |a облучение 
610 1 |a гамма-кванты 
610 1 |a быстрые нейтроны 
610 1 |a диссертации 
610 1 |a труды учёных ТПУ 
675 |a 537.311.322:535(04)  |v 3 
686 |a 01.04.07  |2 oksvnk 
700 1 |a Орлова  |b К. Н.  |c физик  |c аспирант, ассистент Юргинского технологического института (филиала) Томского политехнического университета  |f 1985-  |g Ксения Николаевна  |2 stltpush  |3 (RuTPU)RU\TPU\pers\28212 
702 1 |a Градобоев  |b А. В.  |c физик  |c профессор Юргинского технологического института (филиала) Томского политехнического университета, доктор технических наук  |f 1952-  |g Александр Васильевич  |2 stltpush  |3 (RuTPU)RU\TPU\pers\24213  |4 727  |9 10707 
712 0 2 |a Национальный исследовательский Томский политехнический университет (ТПУ)  |b Юргинский технологический институт (ЮТИ)  |c (2009- )  |h 349  |2 stltpush  |3 (RuTPU)RU\TPU\col\15903 
801 1 |a RU  |b 63413507  |c 20131120 
801 2 |a RU  |b 63413507  |c 20131203  |g RCR 
942 |c BK